000 00491nam a22001577a 4500
999 _c534991
_d534991
020 _qHard Cover.
082 _a629.04
100 _aMuhammad Umair Ali
245 _aAn analysis of Lahore metrobus service /
_cMuhammad Umair Ali.
260 _aIslamabad:
_bNIT NUST,
_c2017.
300 _a62 p. :
_bill. ;
_c30cm.
942 _2ddc
_cTHE
650 _aTransportation Engineering MS-Thesis.
_916276
700 _aDr. Anwaar Ahmed
_929449